000 00820nam a2200277 i 4500
001 000017882
003 DO-SdBNP
005 20251124091422.0
007 ta
008 100407s1999 dr ac 000 0 spa d
040 _aDO-SdBNP
_bspa
_cBNPHU
_erda
041 _hspa
082 _axxx
_bS941e
_222
100 1 _aSubero Isa, Jorge A.,
_d1947-
_eautor
_976863
245 1 0 _aLa ética del funcionario judicial /
_cJorge A. Subero Isa
264 1 _aSanto Domingo :
_bEscuela de la Magistratura,
_c1999.
300 _a29 paginas ;
_c22 cm.
336 _2rdacontent
_atexto
_btxt
337 _2rdamedia
_asin mediación
_bn
338 _2rdacarrier
_avolumen
_bnc
590 _aInventariado, 2023 / DG
650 4 _aAbogados
_983957
_xEtica profesional
650 0 _aÉtica legal
_96420
910 _aDG
942 _2ddc
_cLF2
999 _c54427
_d54427